| 000 | 00473nam a22001697a 4500 | ||
|---|---|---|---|
| 003 | NUST - PNEC | ||
| 005 | 20170116181132.0 | ||
| 008 | 151006b xxu||||| |||| 00| 0 eng d | ||
| 020 | _a0091170915 | ||
| 040 | _cLIBRARY | ||
| 082 | _a629.2 HIL | ||
| 100 |
_914061 _aHillier, V. A. W. |
||
| 245 |
_aMotor vehicle technology : associated studies _cV. A. W. Hillier |
||
| 260 | _cc.1974 | ||
| 650 |
_914063 _aAutomobiles--Design and construction _xME |
||
| 942 |
_2ddc _cBK |
||
| 999 |
_c70047 _d70047 |
||